My Top 50 Pokemon - Statistics

General Stats
  • This quiz has been taken 14 times
  • The average score is 31 of 50
Answer Stats
Rank Type/Gen Pokemon % Correct
26 Fire/Fighting 3 Blaziken
82%
1 Normal 1 Eevee
82%
29 Steel/Psychic 3 Metagross
82%
3 Psychic 2 Espeon
73%
30 Ground/Flying 4 Gliscor
73%
12 Dark/Fire 2 Houndoom
73%
16 Dark/Dragon 5 Hydreigon
73%
8 Fire/Fighting 4 Infernape
73%
25 Fighting/Steel 4 Lucario
73%
15 Electric 4 Luxray
73%
10 Bug/Steel 2 Scizor
73%
41 Normal/Flying 4 Staraptor
73%
4 Water/Ground 3 Swampert
73%
35 Fairy 6 Sylveon
73%
28 Fairy/Flying 4 Togekiss
73%
5 Fire 2 Typhlosion
73%
13 Dark/Ice 4 Weavile
73%
11 Steel/Ghost 6 Aegislash
64%
2 Electric 2 Ampharos
64%
38 Ghost/Fire 5 Chandelure
64%
23 Dragon 5 Haxorus
64%
49 Grass/Flying 2 Jumpluff
64%
33 Ghost/Fighting 7 Marshadow
64%
44 Water/Fairy 7 Primarina
64%
36 Water 5 Samurott
64%
18 Fire/Flying 6 Talonflame
64%
46 Rock/Dark 2 Tyranitar
64%
6 Dark 2 Umbreon
64%
34 Dark 5 Zoroark
64%
21 Poison/Flying 2 Crobat
55%
9 Grass/Ghost 7 Decidueye
55%
24 Electric 4 Electivire
55%
20 Electric 2 Flaaffy
55%
22 Dragon/Ground 4 Garchomp
55%
48 Ice 4 Glaceon
55%
37 Water/Dragon 2 Kingdra
55%
43 Grass 4 Leafeon
55%
32 Electric 2 Mareep
55%
14 Water 3 Mudkip
55%
39 Bug/Psychic 8 Orbeetle
55%
42 Grass 3 Sceptile
55%
19 Electric 5 Zebstrika
55%
27 Fire 8 Cinderace
45%
17 Dragon/Ghost 8 Dragapult
45%
50 Normal 8 Dubwool
45%
40 Ghost/Ground 5 Golurk
45%
47 Fire 8 Scorbunny
45%
7 Electric/Poison 8 Toxtricity
45%
45 Normal 8 Wooloo
45%
31 Electric 7 Zeraora
45%
No matching quizzes found
Score Distribution
Percent of People with Each Score
Percentile by Number Answered
Your Score History
You have not taken this quiz